00322nam a2200121Ia 4500008004100000041000800041082001400049100002200063245004500085260003400130300003100164365000500195240624s9999 xx 000 0 und d aeng a519.5 KLE aKLEIJNEN JACK P C aSTATISTICAL TOOLS FOR SIMULATION PRACTIT c1987aNew YorkbMarcel Dekker axii, : 429 : p. : cm. ; 25 c